000
00263nam a2200109Ia 4500
008
230907s9999||||xx |||||||||||||| ||und||
082
_a
612
_b
TOR
100
_a
Tortora, Gerard J.,
245
0
_a
Introduction to the human body :
300
_a
563 p :
942
_c
BK
999
_c
601019
_d
601019